000 00951nam a2200289 i 4500
003 EG-GICUC
005 20260212155550.0
008 260212s1961 fr ||||fr ||| 00| 0 fre d
040 _aEG-GICUC
_cEG-GICUC
_dEG-GICUC
_erda
_bfre
041 _afre
082 0 4 _221
_a341.79
_bSU . A
092 0 4 _221
099 _aLaw1 11 341.79 SU . A 1961
100 1 _aSuet,Philippe
_eAuteur
245 _aL'Application Pratique DeLa Législation Du Travail Dans Les Entreprises /
_cPhilippe Suet .
264 0 _aParis :
_bLibrairie Générale De Droit Et Jurisprudence ,
_c1961 .
300 _a268 Pages;
_c30 cm.
336 _atext
_2rda content
337 _aComputer
_2rda media
338 _aOnline Resource
_2rda carrier
546 _aTexte en français
650 0 4 _aDroit International Public
650 0 4 _aDroit Commercial International
856 _uhttps://fll.law.cu.edu.eg/fulltext/th/B11-07266.pdf
905 _a59
942 _2ddc
_cBK
_e21
_n0
999 _c62846
_d62846